000 00308nab a22001097u 4500
008 130520b1986 xxu||||| |||| 00| 0 spa d
041 _aspa
100 1 _aDurán, C.
_967362
245 0 0 _aCooperación hispano-musulmana
_cC. Durán
773 0 _tConcilium
_gV.1,1986,págs.39-45
_x0210-1041
_wRev134
942 _cAR
999 _c355186
_d355186